5HLuxD.jpg

KING HENRY VIII SENIOR AND PRIMARY SCHOOL LIBRARY OPAC

The case of the bizarre bouquets : (Record no. 1520)

000 -LEADER
fixed length control field 01308cam a2200337Mi 4500
001 - CONTROL NUMBER
control field .b27050087
003 - CONTROL NUMBER IDENTIFIER
control field OCoLC
005 - DATE AND TIME OF LATEST TRANSACTION
control field 20230110145931.0
008 - FIXED-LENGTH DATA ELEMENTS--GENERAL INFORMATION
fixed length control field 090701r20092008nyu j 000 1 eng d
020 ## - INTERNATIONAL STANDARD BOOK NUMBER
International Standard Book Number 0142413909
Qualifying information (pbk.)
020 ## - INTERNATIONAL STANDARD BOOK NUMBER
International Standard Book Number 9780142413906
Qualifying information (pbk.)
035 ## - SYSTEM CONTROL NUMBER
System control number (OCoLC)1059286923
040 ## - CATALOGING SOURCE
Original cataloging agency WYLOV
Language of cataloging eng
Description conventions rda
Transcribing agency WYLOV
Modifying agency OCLCQ
-- KH8
-- TWWZU
042 ## - AUTHENTICATION CODE
Authentication code nbic
043 ## - GEOGRAPHIC AREA CODE
Geographic area code e-uk-en
-- e-uk---
082 ## - DEWEY DECIMAL CLASSIFICATION NUMBER
Classification number FIC SPR
100 1# - MAIN ENTRY--PERSONAL NAME
Personal name Springer, Nancy,
Relator term author.
245 14 - TITLE STATEMENT
Title The case of the bizarre bouquets :
Remainder of title an Enola Holmes mystery /
Statement of responsibility, etc. Nancy Springer.
260 ## - PUBLICATION, DISTRIBUTION, ETC.
Place of publication, distribution, etc. New York :
Name of publisher, distributor, etc. Sleuth Puffin,
Date of publication, distribution, etc. 2008.
300 ## - PHYSICAL DESCRIPTION
Extent 170, 12 pages ;
Dimensions 20 cm.
440 ## - SERIES STATEMENT/ADDED ENTRY--TITLE
Title An Enola Holmes mystery ;
Number of part/section of a work 3.
500 ## - GENERAL NOTE
General note Originally published: New York : Philomel Books, 2008.
520 ## - SUMMARY, ETC.
Summary, etc. Fourteen-year-old Enola Holmes, disguised as a beautiful woman, finds clues in floral bouquets as she searches for the missing Doctor Watson, a companion of her famous older brother, Sherlock.
650 #1 - SUBJECT ADDED ENTRY--TOPICAL TERM
Topical term or geographic name entry element Missing persons
Form subdivision Fiction.
650 #1 - SUBJECT ADDED ENTRY--TOPICAL TERM
Topical term or geographic name entry element Flower language
Form subdivision Fiction.
650 #1 - SUBJECT ADDED ENTRY--TOPICAL TERM
Topical term or geographic name entry element Characters in literature
Form subdivision Fiction.
650 #1 - SUBJECT ADDED ENTRY--TOPICAL TERM
Topical term or geographic name entry element Mystery and detective stories.
651 #1 - SUBJECT ADDED ENTRY--GEOGRAPHIC NAME
Geographic name London (England)
General subdivision History
Chronological subdivision 19th century
Form subdivision Fiction.
651 #1 - SUBJECT ADDED ENTRY--GEOGRAPHIC NAME
Geographic name Great Britain
General subdivision History
Chronological subdivision 19th century
Form subdivision Fiction.
942 ## - ADDED ENTRY ELEMENTS (KOHA)
Source of classification or shelving scheme
Koha item type Books - Fiction
Holdings
Withdrawn status Lost status Source of classification or shelving scheme Damaged status Not for loan Collection code Permanent Location Current Location Shelving location Date acquired Total Checkouts Full call number Barcode Date last seen Date last checked out Price effective from Koha item type
          Fiction KH8 Senior School Library KH8 Senior School Library Fiction 2023-01-10 1 FIC SPR 3KHSL000101942 2025-06-18 2024-10-24 2023-01-10 Books - Fiction

Powered By KH8 IT Dept